[Event "USA tt"]
[Site "ICC INT"]
[Date "2008.10.06"]
[Round "7"]
[White "Perea, Osmany"]
[Black "Rensch, Daniel"]
[Result "1-0"]
[WhiteElo "2376"]
[BlackElo "2354"]
[PlyCount "69"]
[EventDate "2008.10.22"]
[EventType "team"]
[EventRounds "10"]
[EventCountry "USA"]
[SourceTitle "CBM 126 Extra"]
[Source "ChessBase"]
[SourceDate "2008.11.05"]
[SourceVersion "1"]
[SourceVersionDate "2008.11.05"]
[SourceQuality "1"]

1. d4 Nf6 2. c4 e6 3. Nf3 c5 4. d5 b5 5. Bg5 h6 6. Bxf6 Qxf6 7. Qc2 exd5 8. cxd5 d6 9. e4 a6 10. a4 b4 11. Nbd2 Bg4 12. Be2 Nd7 13. Ng1 Bxe2 14. Nxe2 g6 15. 0-0 Bg7 16. Rab1 0-0 17. f4 Rfe8 18. Nc4 Qe7 19. Ng3 Bd4+ 20. Kh1 Nf6 21. Rbe1 Ng4 22. h3 Qh4 23. Qe2 h5 24. Qf3 Rad8 25. Re2 Kh8 26. Na5 Rd7 27. Nc6 Bg7 28. Rfe1 Nf6 29. e5 Nxd5 30. Nxh5 gxh5 31. Qxd5 Qxf4 32. e6 Rxe6 33. Rxe6 fxe6 34. Qxh5+ Kg8 35. Qe8+ 1-0

[Event "Capablanca Memorial Premier II 39th"]
[Site "Havana"]
[Date "2004.05.15"]
[Round "9"]
[White "Perea, Osmany"]
[Black "Borriss, Martin"]
[Result "0-1"]
[WhiteElo "2392"]
[BlackElo "2441"]
[PlyCount "40"]
[EventDate "2004.05.06"]
[EventType "tourn"]
[EventRounds "13"]
[EventCountry "CUB"]
[EventCategory "8"]
[SourceTitle "CBM 100 Extra"]
[Source "ChessBase"]
[SourceDate "2004.07.06"]
[SourceVersion "2"]
[SourceVersionDate "2004.07.06"]
[SourceQuality "1"]

1. d4 Nf6 2. Nf3 g6 3. c4 Bg7 4. g3 0-0 5. Bg2 d6 6. Nc3 Nc6 7. 0-0 a6 8. h3 Rb8 9. Be3 e6 10. Rc1 Ne7 11. Bd2 b5 12. cxb5 axb5 13. Qc2 Bb7 14. Rfe1 b4 15. Na4 Ne4 16. Bxb4 Nxg3 17. Ba3 Ngf5 18. Qxc7 Qe8 19. b3 Nd5 20. Qc4 Rc8 0-1

[Event "CUB-ch sf"]
[Site "Holguin"]
[Date "1999.??.??"]
[Round "?"]
[White "Abreu Delgado, Aryam"]
[Black "Perea, Osmany"]
[Result "1/2-1/2"]
[WhiteElo "2410"]
[BlackElo "2295"]
[PlyCount "120"]
[EventDate "1999.??.??"]
[EventType "tourn"]
[EventRounds "11"]
[EventCountry "CUB"]
[SourceTitle "EXT 2004"]
[Source "ChessBase"]
[SourceDate "2003.11.25"]
[SourceVersion "1"]
[SourceVersionDate "2003.11.25"]
[SourceQuality "1"]

1. e4 e5 2. Nf3 Nc6 3. Bc4 Bc5 4. c3 Nf6 5. d3 d6 6. Bb3 a6 7. 0-0 Ba7 8. Re1 0-0 9. h3 Ne7 10. Nbd2 Ng6 11. Nf1 Re8 12. Ng3 c6 13. d4 h6 14. Bc2 Nh7 15. Nf5 Be6 16. Ne3 Nh4 17. Nh2 Nf6 18. Neg4 Nxg4 19. Nxg4 Ng6 20. Be3 Qh4 21. Qf3 Bb6 22. Rad1 Bc7 23. Bb3 Bxb3 24. axb3 exd4 25. Rxd4 h5 26. Nh2 c5 27. Rd5 Qxe4 28. Rxh5 Qxf3 29. Nxf3 b5 30. Rd1 a5 31. Ra1 f6 32. Rd5 Re4 33. Nd2 Re7 34. b4 cxb4 35. Rxb5 bxc3 36. bxc3 Ne5 37. Rb7 Kf7 38. Kf1 Ke6 39. Nb3 Bd8 40. Nd4+ Kf7 41. Rb5 g5 42. Nf5 Rd7 43. Bd4 Ke6 44. g4 Nf3 45. Be3 Bc7 46. Ke2 Ne5 47. Nd4+ Kf7 48. Nf5 Ke6 49. Nd4+ Kf7 50. Kf1 d5 51. Nf5 Nc4 52. Rb7 Rad8 53. Bd4 Bf4 54. Rb5 Rb8 55. Rc5 Ra8 56. Ra4 Ra6 57. Kg2 Rd8 58. Rb5 Rd7 59. Rc5 Rd8 60. Rb5 Rd7 1/2-1/2

[Event "Las Tunas provincial"]
[Site "Las Tunas"]
[Date "1999.??.??"]
[Round "?"]
[White "Perea, Osmany"]
[Black "Blanco Ronquillo, Humberto L"]
[Result "1-0"]
[WhiteElo "2321"]
[BlackElo "2191"]
[PlyCount "47"]
[EventDate "1999.??.??"]
[EventType "tourn"]
[EventRounds "9"]
[EventCountry "CUB"]
[SourceTitle "EXT 2004"]
[Source "ChessBase"]
[SourceDate "2003.11.25"]
[SourceVersion "1"]
[SourceVersionDate "2003.11.25"]
[SourceQuality "1"]

1. d4 Nf6 2. c4 g6 3. Nc3 d5 4. Nf3 Bg7 5. Bg5 Ne4 6. cxd5 Nxg5 7. Nxg5 c6 8. e3 cxd5 9. Qf3 Bf6 10. h4 e6 11. Qf4 Nd7 12. Rd1 0-0 13. Nf3 Bg7 14. h5 Nf6 15. hxg6 hxg6 16. g4 Qa5 17. Bd3 b5 18. Ne5 Bb7 19. g5 Nh5 20. Rxh5 gxh5 21. Nd7 Rfc8 22. Bh7+ Kxh7 23. Qxf7 Kh8 24. Qxh5+ 1-0

[Event "CUB-ch U20"]
[Site "Camaguey"]
[Date "1999.??.??"]
[Round "2"]
[White "Perea, Osmany"]
[Black "Fernandez Reyes, Lisandro"]
[Result "1/2-1/2"]
[WhiteElo "2295"]
[BlackElo "2280"]
[PlyCount "74"]
[EventDate "1999.??.??"]
[EventType "tourn"]
[EventRounds "9"]
[EventCountry "CUB"]
[EventCategory "5"]
[SourceTitle "EXT 2000"]
[Source "ChessBase"]
[SourceDate "1999.11.16"]
[SourceVersion "1"]
[SourceVersionDate "1999.11.16"]
[SourceQuality "1"]

1. e4 c5 2. Nf3 d6 3. Bb5+ Bd7 4. Bxd7+ Qxd7 5. 0-0 Nc6 6. b3 Nf6 7. Qe2 e5 8. c3 Be7 9. Bb2 Qg4 10. d3 Nh5 11. Nd4 Qxe2 12. Nxe2 0-0 13. Na3 Rad8 14. c4 Nb4 15. Rfd1 a6 16. Bc3 Nc6 17. Nc2 Nd4 18. Bxd4 cxd4 19. Nb4 Nf6 20. Rab1 a5 21. Nc2 Nd7 22. Na3 d5 23. Nb5 dxe4 24. dxe4 Nc5 25. f3 Rd7 26. Nc1 f5 27. exf5 Rxf5 28. Nd3 Nxd3 29. Rxd3 Bg5 30. Re1 Re7 31. Re4 Rf8 32. h4 Be3+ 33. Kf1 Rf4 34. Nd6 Rf6 35. Nb5 Rf4 36. Nd6 Rf6 37. Nb5 Rf4 1/2-1/2